El Règim de llibertat dels escolars i altres escrits / Joan Bardina ; pròleg i tria de textos de Josep González-Agápito
Descripción Física:
XXXVI, 161 p. ; 20 cm
Colección:
Textos pedagògics ; 20
Otros Autores:
González-Agàpito, Josep, 1946-
Materias:
Pedagogia
MARC
| LEADER | 00000nam a2200000Ia 4500 | ||
|---|---|---|---|
| 001 | 8955 | ||
| 008 | 160829s1989 xx 000 0 cat d | ||
| 080 | |a E-1-137 | ||
| 100 | |a Bardina, Joan |9 27882 | ||
| 245 | |a El Règim de llibertat dels escolars i altres escrits / Joan Bardina ; pròleg i tria de textos de Josep González-Agápito | ||
| 260 | |a Vic : |b Eumo ; Barcelona : |b Diputació de Barcelona, |c 1989 | ||
| 300 | |a XXXVI, 161 p. ; |c 20 cm | ||
| 490 | |a Textos pedagògics ; 20 | ||
| 650 | |a Pedagogia |9 35391 | ||
| 700 | 1 | |a González-Agàpito, Josep, |d 1946- |e autor del pròleg, editor literari |9 27540 | |
| 710 | 1 | |a Barcelona (Catalunya : Província). |b Diputació |9 52408 | |
| 901 | |a Arxiu | ||
| 942 | |n 1 |2 udc | ||
| 952 | |0 0 |1 0 |4 0 |6 E1137 |7 1 |9 44582 |a Arxiu |b Arxiu |d 2016-12-01 |l 0 |o E-1-137 |p 8955 |r 2016-12-01 00:00:00 |w 2016-12-01 |y ARXIU | ||
| 999 | |c 47163 |d 47163 | ||